000 00328nam a22001457a 4500
020 _a9788170087915
041 _aENG
100 _aPunmia .B.C
245 _aSoil Mechanics And Foundations
260 _aDelhi
_bLaxmi Publications
_c1997
300 _a916
650 _aSWCE
700 _aJain A.K , Jain A.K
856 _uSWCE
999 _c616
_d616